header

Three dialogues between Hylas and Philonous (Record no. 2864)

MARC details
000 -LEADER
fixed length control field 00968nam a2200253Ia 4500
100 1# - MAIN ENTRY--AUTHOR NAME
Personal name Berkeley, George,
245 10 - TITLE STATEMENT
Title Three dialogues between Hylas and Philonous
260 ## - PUBLICATION, DISTRIBUTION, ETC. (IMPRINT)
Place of publication Raleigh, NC :
Name of publisher Alex Catalogue,
Year of publication 2001.
300 ## - PHYSICAL DESCRIPTION
Number of Pages 80 p.
650 #0 - SUBJECT ADDED ENTRY--TOPICAL TERM
Topical Term Knowledge, Theory of.
Topical Term Idealism.
856 40 - ELECTRONIC LOCATION AND ACCESS
Uniform Resource Identifier http://site.ebrary.com/lib/rucke/Doc?id=5000534

No items available.

© 2026 Rongo University
Contact us: librarian | system librarian | Rongo university